• Tammi Paolo

di Personal Name

Records bibliografici associati: 2

001 - CONTROL NUMBER

  • control field: 62204

003 - CONTROL NUMBER IDENTIFIER

  • control field:

005 - DATE AND TIME OF LATEST TRANSACTION

  • control field: 20250520170607.0

008 - FIXED-LENGTH DATA ELEMENTS

  • fixed length control field: 250520|| aca||aabn | a|a d

040 ## - CATALOGING SOURCE

  • Original cataloging agency:
  • Transcribing agency:

100 ## - HEADING--PERSONAL NAME

  • Personal name: Tammi Paolo

670 ## - SOURCE DATA FOUND

  • Source citation: Work cat.: ()206461: Tammi Paolo, Onora il padre e la madre., 1991
CREDITS: SOCIETA' SAN PAOLO Via A.Severo, 58 - ROMA (RM) & PERIODICI SAN PAOLO SRL Via Giotto, 36 MILANO & CISF Via Giotto, 36 MILANO & EDIZIONI SAN PAOLO SRL,  Piazza Soncino, 5 CINISELLO BALSAMO (MI) -- ITALY